000 00361nam a22001217a 4500
999 _c9585
_d9585
003 OSt
008 201203b ||||| |||| 00| 0 eng d
245 _aIndustrial Products Finder
250 _a2009(Aug Vol.37 No.11, Sep Vol.37 No.12, Oct Vol.38 No.1, Nov Vol.38 No.2)
260 _aChennai
_bIPF Publications
650 _aMechanical Engineering
942 _2ddc
_cBV